00371nam a2200157Ia 4500008004100000041000800041100001300049245003800062260003700100300000800137365001300145500000700158520001900165650001000184999001900194230605s1998 xx 000 0 und d aeng aKonemann aDine with Europes cold Appetizers bKonemann Pub Bonner c1998c1998 a327 b1196h20 a65 aReference Copy aF. P. c417955d417955